BIM in China (Record no. 114248)

MARC details
000 -LEADER
fixed length control field 00986cad a22002295a 4500
001 - CONTROL NUMBER
control field L156424
008 - FIXED-LENGTH DATA ELEMENTS--GENERAL INFORMATION
fixed length control field 120521s2007 xxk f 000 0 eng d
035 ## - SYSTEM CONTROL NUMBER
System control number (Sirsi) u156424
041 0# - LANGUAGE CODE
Language code of text/sound track or separate title eng
110 0# - MAIN ENTRY--CORPORATE NAME
Corporate name or jurisdiction name as entry element Autodesk, Inc
245 00 - TITLE STATEMENT
Title BIM in China
Medium [electronic resource]
260 ## - PUBLICATION, DISTRIBUTION, ETC.
Place of publication, distribution, etc. USA
Name of publisher, distributor, etc. Autodesk, Inc
Date of publication, distribution, etc. 2007
505 ## - FORMATTED CONTENTS NOTE
Formatted contents note Unparalleled growth -- China's building industry and BIM -- Wuhan Architectural Design Institute -- Shenyang Municipal Architectural Design Institute -- Challenges and opportunities
520 ## - SUMMARY, ETC.
Summary, etc. This paper examines how building information modeling (BIM) is providing a competitive advantage to architects in China - a country experiencing the world's largest construction boom.
590 ## - LOCAL NOTE (RLIN)
Local note KA
650 ## - SUBJECT ADDED ENTRY--TOPICAL TERM
Topical term or geographic name entry element BUILDING INFORMATION MODELLING
650 24 - SUBJECT ADDED ENTRY--TOPICAL TERM
Topical term or geographic name entry element BIM
9 (RLIN) 6219
651 #4 - SUBJECT ADDED ENTRY--GEOGRAPHIC NAME
Geographic name China
690 ## - LOCAL SUBJECT ADDED ENTRY--TOPICAL TERM (OCLC, RLIN)
Topical term or geographic name as entry element BIM
9 (RLIN) 6219
856 40 - ELECTRONIC LOCATION AND ACCESS
Uniform Resource Identifier <a href="https://academics.triton.edu/faculty/fheitzman/BIM-in-China.pdf">https://academics.triton.edu/faculty/fheitzman/BIM-in-China.pdf</a>
Public note Read the paper here ://academics.triton.edu
942 ## - ADDED ENTRY ELEMENTS (KOHA)
Suppress in OPAC 0
Holdings
Withdrawn status Lost status Source of classification or shelving scheme Damaged status Not for loan Home library Current library Shelving location Date acquired Total Checkouts Full call number Barcode Date last seen Copy number Price effective from Koha item type
    Dewey Decimal Classification     Virtual Virtual Online 21/05/2012   ONLINE PUBLICATION 156424-2001 06/08/2019 1 06/08/2019 Book